00911nam a2200157 a 450000500170000000800410001704100080005804400070006610000330007324500540010626000530016030000100021352004960022365000200071965000140073920140129151610.0140129b2005 ck ||||| |||| 00| 0 spa d aspa ack aRivera Gutiérrez, Héctor aGuía rápida para instalar y usar M3CAT V. 2.0 aBogotábInstituto Alexander von Humboldtc2005 a16 p. aEsta guía se desarolló para que los usuarios puedan instalar exitósamente la apilcación de metadatos y para facilitar el uso de la misma, de modo que tengan una referencia sobre los distintos conceptos y procesos involucrados en la instalación y uso de M3CAT. Debe ser utilizada en conjudo con el estándar para la documentación de metadatos, donde se explican cada uno de los campos de la aplicación, el tipo de dominio de cada elemento y los posibles valores que puede tomar aGuía rápida aMetadatos